000 00483nam a2200169Ia 4500
003 GCL
008 140319s9999 xx 000 0 eng d
040 _aGCL /
_cGCL
082 0 4 _a302.07
_bH S
100 1 _aHUTCHINGS, SUE
245 1 0 _aTHE SOCIAL SKILLS HANDBOOK: PRACTICAL ACTIVITIES FOR SOCIAL COMMUNICATION /
_cHUTCHINGS, SUE
260 _a[S.N] :
_bWINSLOW PRESS ،
_c1991
300 _a170 P
650 0 4 _aSOCIAL SKILLS
650 0 4 _aSOCIAL COMMUNICATION
942 _2ddc
_cBK
999 _c23862
_d23862